000 00760cab a2200253 4500
001 ABS59671
008 090401t1998 xxu||||| |||| 00| 0 eng d
035 _a(Sirsi) u89878
041 _aeng
245 _aFoundations
260 _c1998
350 _a0
490 _aBuilding Homes
_vDecember 1998, 13(1)
520 _aMonthly figures for private house starts and new home reservations presented on a regional basis, and new-build data for daily sales, registrations, and completions. Includes new-home buyer profile.
650 _aFIGURES
650 _aHOMEBUYERS
650 _aHOUSE STARTS
650 _aNEW-BUILD
650 _aRESERVATIONS
650 _aSales
_96269
690 _aHOUSING-DEVELOPMENT
942 _n0
948 _c23/11/1998
999 _c56901
_d56901